000 00280nam a22001217a 4500
008 170926b xxu||||| |||| 00| 0 eng d
041 _aeng
080 _24 ED
_a37
100 _a46
101 _aEDU
245 _aA HANDBOOK FOR COLLEGE WRITING
_cGUTH.A
942 _2udc
_cBK
999 _c29787
_d29787